« Retourner aux résultats de recherche
Noël solitaire et peuplé (Un)
| Auteur principal: | Marie Mauron |
|---|---|
| Support: | Livres |
| Langue: | |
| Publié: |
1978 Plon Paris |
| Genre: |
Provence |
| Sujets: | |
| Étiquettes: |
Ajouter
Pas de Tags !
|
| LEADER | 00434nam0a2200133 450 | ||
|---|---|---|---|
| 001 | 16783525 | ||
| 100 | |a 20020528d1978 u u0frey01 ba | ||
| 200 | 0 | |a Noël solitaire et peuplé (Un) |f Mauron Marie | |
| 207 | 1 | |a | |
| 210 | |a Paris |b 8 rue Garancière. |c Plon |d 1978 | ||
| 700 | 0 | |a Mauron |b Marie |f 1896-1986 |4 70 | |
| 900 | |a Provence | ||
| 901 | |a Réserve | ||
| 995 | |a Bibliothèque |c Bibliothèque |f 024000283 |h 024000283 |k PRO MAU |o p |q a |r az |e Bibliothèque | ||
